| 000 | 00000nam##2200000za#4500 |
| 001 | 9.692743 |
| 003 | CaOODSP |
| 005 | 20210624233342 |
| 007 | cr ||||||||||| |
| 008 | 150407|2005||||xxc|||||o f|0| 0 eng|d |
| 040 | |aCaOODSP|beng |
| 043 | |an-cn--- |
| 086 | 1 |aA52-158/2005E-PDF |
| 110 | 1 |aCanada.|bAgriculture and Agri-Food Canada. |bPest Management Centre. |
| 245 | 10|aFire blight, an economically important disease of apple and pear : |h[electronic resource]|ba review of the pathogen (Erwinia amylovora), disease occurrence, biology and management / |cPrepared by Bernt Solymar (EarthTramper Consulting) for the Apple Working Group of the Canadian Horticultural Council. |
| 260 | |bAgriculture and Agri-Food Canada. |cFebruary 2005. |
| 300 | |a34p.|bfig., references, tables |
| 590 | |a10-10-Supp|b2010-11-09 |
| 690 | 07|aFruit crops|2gcpds |
| 856 | 40|ahttp://publications.gc.ca|qPDF|s380 KB|uhttps://publications.gc.ca/collections/collection_2009/agr/A52-158-2005E.pdf |